Normal view
MARC view
Entry Personal Name
001 - CONTROL NUMBER
- control field: 80858
003 - CONTROL NUMBER IDENTIFIER
- control field: dpl
005 - DATE AND TIME OF LATEST TRANSACTION
- control field: 20250424150251.0
008 - FIXED-LENGTH DATA ELEMENTS
- fixed length control field: 250424|| aca||aabn | a|a d
040 ## - CATALOGING SOURCE
- Original cataloging agency: dpl
- Transcribing agency: dpl
100 ## - HEADING--PERSONAL NAME
- Personal name: Manickavasagam.M
670 ## - SOURCE DATA FOUND
- Source citation: Work cat.: (dpl)211100: Manickavasagam.M, Simple in Planta Genetic Transformation Methods For Crop Plants, 2023
